| 000 | 00508nam a2200205Ia 4500 | ||
|---|---|---|---|
| 005 | 20240823032657.0 | ||
| 008 | 240823s9999||||xx |||||||||||||| ||und|| | ||
| 020 | _a978-81-265-2400-6 | ||
| 041 | _aENGLISH | ||
| 082 | _A629.1351 Q0 | ||
| 100 | _aMyron Kayton | ||
| 245 | 0 | _aAvionics Navigation Systems | |
| 250 | _a2nd | ||
| 260 |
_c2010 _bWiley India Pv _aNew Delhi |
||
| 500 | _aYES | ||
| 650 |
_aavionics _bAeronautical Engineering |
||
| 700 | _a Walter R Fried | ||
| 942 | _cBK | ||
| 999 |
_c193995 _d193995 |
||